000 00884nam a22002177a 4500
005 20250320170852.0
008 250320b |||||||| |||| 00| 0 eng d
020 _a978-0143453789 (pbk)
037 _cTB
040 _aCRL
_cCRL
041 _2hin
_ahin
084 _aNWwN59 152R2
_qCRL
100 _aगुप्ता, नीना
245 _aसच कहूँ तो:
_bमेरी आत्मकथा
260 _aगुड़गांव, भारत:
_bहिन्द पॉकेट बुक्स,
_c2022
300 _a294 पृ0
365 _b399.00
_cINR
650 _aललित कला
_9156314
942 _2CC
_cTB
_hNWwN59 152R2
_n0
999 _c1269192
_d1269192